000 004390000a22001810004500
003 MACL
005 20150707144405.0
008 150707b xxu||||| |||| 00| 0 eng d
040 _aMACL
_cMACL
041 _aEnglish
082 _a320/DHA
100 _aDhavan, Rajeev
_91175
245 _aNehru And the Constitution
260 _bN. M. Tripathi
_c1992
_aBombay
350 _a250
650 _aPolitical Science
_988
942 _cBK
_k320
_2ddc
999 _c4075
_d4075